| 000 | 00444nam a2200181Ia 4500 | ||
|---|---|---|---|
| 001 | 24112 | ||
| 005 | 20260414151021.0 | ||
| 008 | 260414t1941||||xx |||||||||||||| ||spa|| | ||
| 041 | _aESP | ||
| 082 |
_a780.92 _bL566 |
||
| 100 |
_aLoon, Hendrik Willem van _eAUT |
||
| 245 | 0 |
_aVida y tiempos de Johann Sebastian Bach _b |
|
| 260 | _c1941 | ||
| 300 |
_a68 páginas : _c27 cm. |
||
| 650 | _aABD | ||
| 654 | _aCAU | ||
| 942 |
_cLIB _dJUS _fJUS _2ddc _n |
||
| 999 |
_c24112 _d24112 |
||